movies that won best actor/actress - Statistics

General Stats
  • This quiz has been taken 16 times
  • The average score is 68 of 166
Answer Stats
actor year movie % Correct
Joaquin Phoenix 2019 Joker
92%
Natalie Portman 2010 Black Swan
83%
Rami Malek 2018 Bohemian Rhapsody
83%
Russell Crowe 2000 Gladiator
83%
Daniel Day-Lewis 1989 / 2007 / 2012 My Left Foot / There Will Be Blood / Lincoln
83%
Jack Nicholson 1976 / 1997 One Flew Over the Cuckoo's Nest / As Good as It Gets
83%
Marlon Brando 1954 / 1972 On the Waterfront / The Godfather
83%
Cillian Murphy 2023 Oppenheimer
83%
Tom Hanks 1993 / 1994 Philadelphia / Forrest Gump
83%
Jamie Foxx 2004 Ray
83%
Jodie Foster 1988 / 1991 The Accused / The Silence of the Lambs
83%
Adrien Brody 2002, 2024 The Pianist / The Brutalist
83%
Brendan Fraser 2022 The Whale
83%
Kevin Spacey 1999 American Beauty
75%
Matthew McConaughey 2013 Dallas Buyer's Club
75%
Sean Penn 2003 / 2008 Mystic River / Milk
75%
Julia Roberts 2000 Erin Brockovich
75%
Frances McDormand 1996 / 2017 / 2020 Fargo / Three Billboards Outside Ebbing, Missouri / Nomadland
75%
Vivien Leigh 1939 / 1951 Gone With the Wind / A Streetcar Named Desire
75%
Will Smith 2021 King Richard
75%
Dustin Hoffman 1979 / 1988 Kramer vs. Kramer / Rain Man
75%
Kathy Bates 1990 Misery
75%
Charlize Theron 2003 Monster
75%
Robert De Niro 1980 Raging Bull
75%
Al Pacino 1992 Scent of a Woman
75%
Colin Firth 2010 The King's Speech
75%
Diane Keaton 1977 Annie Hall
67%
Helen Hunt 1997 As Good as It Gets
67%
Charlton Heston 1959 Ben-Hur
67%
Hilary Swank 1999 / 2004 Boys Don't Cry / Million Dollar Baby
67%
Ben Kingsley 1982 Gandhi
67%
Nicholas Cage 1995 Leaving Las Vegas
67%
Roberto Benigni 1998 Life is Beautiful
67%
Julie Andrews 1964 Mary Poppins
67%
Halle Berry 2001 Monster's Ball
67%
Katharine Hepburn 1933 / 1967 / 1968 / 1981 Morning Glory / Guess Who's Coming to Dinner / The Lion in Winter / On Golden Pond
67%
Louise Fletcher 1975 One Flew Over the Cuckoo's Nest
67%
Gwyneth Paltrow 1998 Shakespeare in Love
67%
Jennifer Lawrence 2012 Silver Linings Playbook
67%
Alec Guinness 1957 The Bridge on the River Kwai
67%
Anthony Hopkins 2020, 1991 The Father / Silence of the Lambs
67%
Yul Brynner 1956 The King and I
67%
Helen Mirren 2006 The Queen
67%
Leonardo DiCaprio 2015 The Revenant
67%
Gregory Peck 1962 To Kill a Mockingbird
67%
F. Murray Abraham 1984 Amadeus
58%
Liza Minnelli 1972 Cabaret
58%
Gary Oldman 2017 Darkest Hour
58%
Susan Sarandon 1995 Dead Man Walking
58%
Emma Stone 2016 / 2023 La La Land / Poor Things
58%
Casey Affleck 2016 Manchester by the Sea
58%
Henry Fonda 1981 On Golden Pond
58%
George C. Scott 1970 Patton
58%
Sandra Bullock 2009 The Blind Side
58%
Forest Whitaker 2006 The Last King of Scotland
58%
Denzel Washington 2001 Training Day
58%
Reese Witherspoon 2005 Walk the Line
58%
Michael Douglas 1987 Wall Street
58%
Philip Seymour Hoffman 2005 Capote
50%
Sissy Spacek 1980 Coal Miner's Daughter
50%
Jessica Tandy 1989 Driving Miss Daisy
50%
Barbra Streisand 1968 Funny Girl
50%
Rod Steiger 1967 In the Heat of the Night
50%
Cher 1987 Moonstruck
50%
Faye Dunaway | Peter Finch 1976 Network
50%
Brie Larson 2015 Room
50%
Meryl Streep 1982 / 2011 Sophie's Choice / The Iron Lady
50%
Shirley MacLaine 1983 Terms of Endearment
50%
Olivia Colman 2018 The Favourite
50%
Gene Hackman 1971 The French Connection
50%
Holly Hunter 1993 The Piano
50%
John Wayne 1969 True Grit
50%
Mikey Madison 2024 Anora
42%
Cate Blanchette 2013 Blue Jasmine
42%
Elizabeth Taylor 1960 / 1966 BUtterfield 8 / Who's Afraid of Virginia Woolf?
42%
Marlee Matlin 1986 Children of a Lesser God
42%
Jeff Bridges 2009 Crazy Heart
42%
Michelle Yeoh 2022 Everything Everywhere All at Once
42%
Laurence Olivier 1948 Hamlet
42%
Clark Gable | Claudette Colbert 1934 It Happened One Night
42%
Ernest Borgnine 1955 Marty
42%
Rex Harrison 1964 My Fair Lady
42%
Jean Dujardin 2011 The Artist
42%
Paul Newman 1986 The Color of Money
42%
Eddie Redmayne 2014 The Theory of Everything
42%
James Cagney 1942 Yankee Doodle Dandy
42%
Paul Scofield 1966 A Man for All Seasons
33%
Bing Crosby 1944 Going My Way
33%
Emma Thompson 1992 Howards End
33%
Renée Zellweger 2019 Judy
33%
Jane Fonda 1971 / 1978 Klute / Coming Home
33%
Marion Cotillard 2007 La Vie en Rose
33%
Audrey Hepburn 1953 Roman Holiday
33%
David Niven 1958 Separate Tables
33%
Geoffrey Rush 1996 Shine
33%
Julianne Moore 2014 Still Alice
33%
Jessica Chastain 2021 The Eyes of Tammy Faye
33%
Nicole Kidman 2002 The Hours
33%
Kate Winslet 2008 The Reader
33%
Glenda Jackson 1970 / 1973 Women in Love / A Touch of Class
33%
Jon Voight 1978 Coming Home
25%
José Ferrer 1950 Cyrano de Bergerac
25%
Frederic March 1932 / 1946 Dr. Jekyll and Mr. Hyde / The Best Years of Our Lives
25%
Ingrid Bergman 1944 / 1956 Gaslight / Anastasia
25%
Patricia Neal 1963 Hud
25%
Sidney Poitier 1963 Lilies of the Field
25%
Greer Garson 1942 Mrs. Miniver
25%
Sally Field 1979 / 1984 Norma Rae / Places in the Heart
25%
Humphrey Bogart 1951 The African Queen
25%
Grace Kelly 1954 The Country Girl
25%
Ray Milland 1945 The Lost Weekend
25%
Anne Bancroft 1962 The Miracle Worker
25%
James Stewart 1940 The Philadelphia Story
25%
Maggie Smith 1969 The Prime of Miss Jean Brodie
25%
Sophia Loren 1961 Two Women
25%
Ellen Burstyn 1974 Alice Doesn't Live Here Anymore
17%
Jessica Lange 1994 Blue Sky
17%
Spencer Tracy 1937, 1938 Captain Courageous / Boys Town
17%
Lee Marvin 1965 Cat Ballou
17%
Cliff Robertson 1968 Charly
17%
Mary Pickford 1929 Coquette
17%
Bette Davis 1935 / 1938 Dangerous / Jezebel
17%
Julie Christie 1965 Darling
17%
Burt Lancaster 1960 Elmer Gantry
17%
Maximilian Schell 1961 Judgment at Nuremberg
17%
William Hurt 1985 Kiss of the Spider Woman
17%
Ginger Rogers 1940 Kitty Foyle
17%
Joan Crawford 1945 Mildred Pierce
17%
Jeremy Irons 1990 Reversal of Fortune
17%
Simone Signoret 1959 Room at the Top
17%
Gary Cooper 1941 / 1952 Sergeant York / High Noon
17%
Robert Duvall 1983 Tender Mercies
17%
Richard Dreyfuss 1977 The Goodbye Girl
17%
Luise Rainer 1936 / 1937 The Great Ziegfeld /The Good Earth
17%
Joanne Woodward 1957 The Three Faces of Eve
17%
Olivia de Havilland 1946 / 1949 To Each His Own / The Heiress
17%
Broderick Crawford 1949 All the King's Men
8%
George Arliss 1930 Disraeli
8%
Robert Donat 1939 Goodbye, Mr. Chips
8%
Art Carney 1974 Harry and Tonto
8%
Jack Lemmon 1973 Save the Tiger
8%
William Holden 1953 Stalag 17
8%
Joan Fontaine 1941 Suspicion
8%
Norma Shearer 1930 The Divorcee
8%
Loretta Young 1947 The Farmer's Daughter
8%
Charles Laughton 1933 The Private Life of Henry VIII
8%
Anna Magnani 1955 The Rose Tattoo
8%
Geraldine Page 1985 The Trip to Bountiful
8%
Janet Gaynor 1929 7th Heaven / Street Angel / Sunrise: A Song of Two Humans
0%
Ronald Colman 1947 A Double Life
0%
Lionel Barrymore 1931 A Free Soul
0%
Judy Holliday 1950 Born Yesterday
0%
Shirley Booth 1952 Come Back, Little Sheba
0%
Warner Bancroft 1929 In Old Arizona
0%
Susan Hayward 1958 I Want to Live!
0%
Jane Wayman 1948 Johnny Belinda
0%
Marie Dressler 1931 Min and Bill
0%
Wallace Beery 1932 The Champ
0%
Victor McLaglen 1935 The Informer
0%
Emil Jannings 1928 The Last Command / The Way of All Flesh
0%
Helen Hayes 1932 The Sin of Madelon Claudet
0%
Jennifer Jones 1943 The Song of Bernadette
0%
Paul Muni 1936 The Story of Louis Pasteur
0%
Paul Lukas 1943 Watch on the Rhine
0%
No matching quizzes found
Score Distribution
Percent of People with Each Score
Percentile by Number Answered
Your Score History
You have not taken this quiz